[Event "TCh-TUR Super League 2023"]
[Site "Ankara TUR"]
[Date "2023.07.15"]
[Round "6.2"]
[Board "5"]
[White "Atalik, Ekaterina"]
[Black "Yakubbaeva, Nilufar"]
[Result "1/2-1/2"]
[WhiteTitle "IM"]
[BlackTitle "WGM"]
[WhiteElo "2407"]
[BlackElo "2311"]
[WhiteTeam "BAYEGAN PENDIK"]
[BlackTeam "BURHANIYE"]
[WhiteFideId "4130189"]
[BlackFideId "14204487"]
[EventDate "2023.07.10"]

1. Nf3 Nf6 2. c4 e6 3. g3 d5 4. Bg2 dxc4 5. Qa4+ Bd7 6. Qxc4 c5 7. Ne5 Qc8 8.
O-O Nc6 9. Nxd7 Qxd7 10. Qc2 Be7 11. Nc3 O-O 12. d3 Rfd8 13. Bd2 c4 14. Qa4 cxd3
15. exd3 Nb4 16. Qb3 Qxd3 17. Rad1 Qf5 18. Be3 a5 19. a3 Nbd5 20. Nxd5 Nxd5 21.
Bxd5 exd5 22. Qxb7 Bf6 23. Bd4 Rdb8 24. Qc6 Rc8 25. Qb5 Rcb8 26. Qe2 h6 27. Rd3
Bxd4 28. Rxd4 Rb3 29. Rfd1 Qf6 30. R1d3 Rb6 31. Rxd5 Rxb2 32. Qf3 Qxf3 33. Rxf3
Rb7 34. Rff5 Rb3 35. Rxa5 1/2-1/2

[Event "TCh-TUR Super League 2023"]
[Site "Ankara TUR"]
[Date "2023.07.15"]
[Round "6.2"]
[Board "6"]
[White "Altun, Arda"]
[Black "Murzin, Volodar"]
[Result "0-1"]
[WhiteTitle "FM"]
[BlackTitle "GM"]
[WhiteElo "2218"]
[BlackElo "2623"]
[WhiteTeam "BURHANIYE"]
[BlackTeam "BAYEGAN PENDIK"]
[WhiteFideId "34511580"]
[BlackFideId "44155573"]
[EventDate "2023.07.10"]

1. e4 c5 2. Nf3 e6 3. d4 cxd4 4. Nxd4 Nc6 5. Nc3 a6 6. Be3 Nf6 7. Qf3 Bb4 8.
Nxc6 bxc6 9. Bd3 d5 10. e5 Nd7 11. Qg4 Bf8 12. f4 Rb8 13. O-O Rxb2 14. Rae1 g6
15. f5 Nxe5 16. Qd4 Bg7 17. f6 Bxf6 18. Rxf6 Qxf6 19. Rf1 Qg7 20. Na4 Rb8 21.
Qa7 Rb7 22. Qc5 f6 23. Nb6 Qc7 24. Nxc8 Nxd3 25. cxd3 Qxc8 26. Rxf6 Rf7 27. Rxf7
Kxf7 28. Qa7+ Kf6 29. Bc5 Qe8 30. Qc7 e5 31. d4 h5 32. h4 Qe6 33. dxe5+ Qxe5 34.
Qxc6+ Kf5 35. Qd7+ Qe6 36. Qa4 Rc8 37. Bf2 Rc1+ 38. Kh2 Rc4 39. Qa3 Qe5+ 40. Kg1
Rc3 41. Qf8+ Kg4 42. Qb4+ Rc4 43. Qa3 Kf5 44. Qf8+ Qf6 45. Qa3 Qa1+ 46. Kh2 Qc3
47. Qf8+ Qf6 48. Qa3 Rc3 49. Qb4 Qe5+ 0-1

[Event "TCh-TUR Super League 2023"]
[Site "Ankara TUR"]
[Date "2023.07.15"]
[Round "6.3"]
[Board "1"]
[White "Demchenko, Anton"]
[Black "Sankalp, Gupta"]
[Result "0-1"]
[WhiteTitle "GM"]
[BlackTitle "GM"]
[WhiteElo "2623"]
[BlackElo "2497"]
[WhiteTeam "HUKUKCU FENERBAHCELILER SPOR VE KULTUR K"]
[BlackTeam "ROTA KOLEJI"]
[WhiteFideId "4160258"]
[BlackFideId "5097010"]
[EventDate "2023.07.10"]

1. e4 e5 2. Nf3 Nf6 3. Nxe5 d6 4. Nf3 Nxe4 5. d4 d5 6. Bd3 Bd6 7. O-O O-O 8. c4
c6 9. Re1 Bf5 10. Qb3 Qd7 11. c5 Bc7 12. Nc3 Be6 13. Qc2 f5 14. Ne2 Bf7 15. Bf4
Ba5 16. Rf1 Qe7 17. Ng3 Bg6 18. Qb3 Re8 19. Bxe4 fxe4 20. Bd6 Qe6 21. Ne5 b6 22.
Ne2 Bd2 23. Qg3 Rc8 24. Rad1 Bh6 25. Nxg6 Qxg6 26. Qh3 Na6 27. f4 exf3 28. Rxf3
Nc7 29. Rdf1 Ne6 30. Rg3 Ng5 31. Qg4 Ne4 32. Qxg6 hxg6 33. Rd3 Nxd6 34. cxd6 Rd8
35. h4 Rxd6 36. Rff3 Re8 37. Nc3 Rde6 38. Kf2 g5 39. h5 g4 40. Rf5 Re3 41. Rxe3
Bxe3+ 42. Kg3 Bxd4 43. Kxg4 Re3 44. Rf1 Be5 45. Kf5 Bxc3 46. bxc3 Rg3 47. Rf2
Kh7 48. Rc2 c5 49. Kf4 Rd3 50. Kg5 c4 51. g4 b5 52. Kf5 a6 53. g5 g6+ 54. hxg6+
Kg7 55. Rh2 Rxc3 56. Rh7+ Kg8 57. Rc7 Rf3+ 58. Ke5 c3 59. Kxd5 b4 60. Kd4 a5 61.
a3 Rf1 62. axb4 axb4 63. Kd3 b3 64. Rf7 Rc1 65. Rb7 b2 0-1

[Event "TCh-TUR Super League 2023"]
[Site "Ankara TUR"]
[Date "2023.07.15"]
[Round "6.3"]
[Board "2"]
[White "Mammadov, Zaur"]
[Black "Annaberdiyev, Meylis"]
[Result "1/2-1/2"]
[WhiteTitle "GM"]
[BlackTitle "GM"]
[WhiteElo "2398"]
[BlackElo "2496"]
[WhiteTeam "ROTA KOLEJI"]
[BlackTeam "HUKUKCU FENERBAHCELILER SPOR VE KULTUR K"]
[WhiteFideId "13401033"]
[BlackFideId "14000563"]
[EventDate "2023.07.10"]

1. c4 Nf6 2. Nf3 e6 3. g3 d5 4. Bg2 Be7 5. O-O O-O 6. d4 dxc4 7. Qc2 a6 8. a4
Nc6 9. Qxc4 Na5 10. Qc2 b6 11. Ne5 Bb7 12. Bxb7 Nxb7 13. Nc6 Qd7 14. Rd1 Rfc8
15. Bg5 h6 16. Bxf6 Bxf6 17. Na3 Nc5 18. Nb4 Nb7 19. Nc6 Nc5 20. Nb4 Nb7 21. Nc6
Nc5 22. Nb4 1/2-1/2

[Event "TCh-TUR Super League 2023"]
[Site "Ankara TUR"]
[Date "2023.07.15"]
[Round "6.3"]
[Board "3"]
[White "Ozer, Omer Faruk"]
[Black "Yavuz, Efe Metehan"]
[Result "1/2-1/2"]
[WhiteTitle "IM"]
[BlackTitle "FM"]
[WhiteElo "2333"]
[BlackElo "2346"]
[WhiteTeam "HUKUKCU FENERBAHCELILER SPOR VE KULTUR K"]
[BlackTeam "ROTA KOLEJI"]
[WhiteFideId "6354564"]
[BlackFideId "34514570"]
[EventDate "2023.07.10"]

1. d4 Nf6 2. Bg5 d5 3. Bxf6 gxf6 4. e3 c5 5. dxc5 e6 6. c4 dxc4 7. Nd2 Bxc5 8.
Bxc4 Nc6 9. Ngf3 O-O 10. O-O b6 11. Nb3 Bd6 12. Qe2 a6 13. Rfd1 Qe7 14. Nbd4
Nxd4 15. Rxd4 f5 16. Rad1 Bc5 17. R4d2 Qf6 18. a3 b5 19. Bd3 Bb7 20. e4 Rfe8 21.
Bb1 Rac8 22. b4 Bb6 23. Rd7 Bc6 24. R7d6 Ba7 25. exf5 Bb8 26. R6d3 exf5 27. Re3
Ba7 28. Rxe8+ Rxe8 29. Qd3 Kg7 30. h3 Bb6 31. Qxf5 Qxf5 32. Bxf5 Bxf3 1/2-1/2

[Event "TCh-TUR Super League 2023"]
[Site "Ankara TUR"]
[Date "2023.07.15"]
[Round "6.3"]
[Board "4"]
[White "Karaoglan, Doruk"]
[Black "Huseyinoglu, Alihan"]
[Result "1-0"]
[WhiteTitle "CM"]
[BlackTitle "IM"]
[WhiteElo "2247"]
[BlackElo "2261"]
[WhiteTeam "ROTA KOLEJI"]
[BlackTeam "HUKUKCU FENERBAHCELILER SPOR VE KULTUR K"]
[WhiteFideId "6390927"]
[BlackFideId "14202875"]
[EventDate "2023.07.10"]

1. e4 e6 2. d4 d5 3. Nc3 Bb4 4. e5 c5 5. a3 Bxc3+ 6. bxc3 Qa5 7. Bd2 Qa4 8. Qg4
Kf8 9. Ra2 b6 10. h4 Nc6 11. h5 h6 12. Nf3 Ba6 13. Bxa6 Qxa6 14. Qf4 Qb5 15. Ra1
Nge7 16. g4 Ke8 17. a4 Qb2 18. Rc1 Qa3 19. dxc5 Qxc5 20. O-O Qc4 21. Nd4 Kd7 22.
a5 g6 23. axb6 axb6 24. Rb1 b5 25. Nxb5 Qxf4 26. Bxf4 Ra4 27. Nd6 Rb8 28. c4
Rab4 1-0

[Event "TCh-TUR Super League 2023"]
[Site "Ankara TUR"]
[Date "2023.07.15"]
[Round "6.3"]
[Board "5"]
[White "Caglar, Sila"]
[Black "Mammadova, Narmin"]
[Result "0-1"]
[WhiteTitle "WIM"]
[BlackTitle "WIM"]
[WhiteElo "2235"]
[BlackElo "2241"]
[WhiteTeam "HUKUKCU FENERBAHCELILER SPOR VE KULTUR K"]
[BlackTeam "ROTA KOLEJI"]
[WhiteFideId "6364063"]
[BlackFideId "13403710"]
[EventDate "2023.07.10"]

1. e4 c6 2. d4 d5 3. exd5 cxd5 4. c4 Nf6 5. Nc3 g6 6. Qb3 Bg7 7. cxd5 O-O 8. Be2
Nbd7 9. Bf3 Nb6 10. a4 e6 11. d6 Qxd6 12. Nb5 Qd8 13. Ne2 Nbd5 14. O-O Bd7 15.
Bg5 Bc6 16. Bh4 Qb6 17. Ra3 a6 18. Nd6 Qxb3 19. Rxb3 Bxa4 20. Rxb7 Bc6 21. Rb3
Rfb8 22. Rxb8+ Rxb8 23. Rc1 Bd7 24. Nc4 Bh6 25. Ra1 Rb4 26. Ne5 Bb5 27. Nc3 Rxb2
28. Nxd5 Nxd5 29. Bxd5 exd5 30. Ng4 Bg7 31. Nf6+ Kh8 32. Rc1 Bc4 33. Re1 Rb8 34.
Nd7 Rg8 35. Re7 Bxd4 36. Rxf7 Re8 37. g4 Kg8 38. Rf4 Re4 39. Rxe4 dxe4 40. Nf6+
Kg7 41. Nxe4 a5 42. Be7 Bb2 43. Nc5 Bb5 44. Kg2 a4 45. Nxa4 Bxa4 46. Kg3 Kf7 47.
Bc5 Ke6 48. f4 Kd5 49. Bb4 Ke4 50. Bd2 Bd4 51. Bc1 Be3 52. Bxe3 Kxe3 53. f5 g5
54. Kg2 Kf4 55. h3 Bc6+ 56. Kf2 Bd5 0-1

[Event "TCh-TUR Super League 2023"]
[Site "Ankara TUR"]
[Date "2023.07.15"]
[Round "6.3"]
[Board "6"]
[White "Tarhan, Adar"]
[Black "Ahmadzada, Ahmad"]
[Result "1/2-1/2"]
[WhiteTitle "FM"]
[BlackTitle "IM"]
[WhiteElo "2347"]
[BlackElo "2503"]
[WhiteTeam "ROTA KOLEJI"]
[BlackTeam "HUKUKCU FENERBAHCELILER SPOR VE KULTUR K"]
[WhiteFideId "34544712"]
[BlackFideId "13413007"]
[EventDate "2023.07.10"]

1. e4 c5 2. Nf3 e6 3. d4 cxd4 4. Nxd4 a6 5. Bd3 g6 6. O-O Bg7 7. Be3 Ne7 8. f4
Nbc6 9. Nxc6 Nxc6 10. c3 O-O 11. Nd2 b5 12. Qe2 Bb7 13. Rad1 d6 14. Bc2 Qe7 15.
a3 Rac8 16. a4 Nd4 17. Bxd4 Bxd4+ 18. cxd4 Rxc2 19. axb5 axb5 20. Qxb5 Rfc8 21.
Rfe1 Bc6 22. Qb3 Ba8 23. Nf3 Qc7 24. Rd2 Rxd2 25. Nxd2 Qc2 26. Qxc2 Rxc2 27. Nf3
Rxb2 28. Re3 Bb7 29. h3 Kf8 30. Kh2 Ke7 31. Kg3 h6 32. f5 gxf5 33. exf5 Kf6 34.
fxe6 fxe6 35. Rc3 Kf5 36. Nh4+ Kf6 37. Nf3 Bd5 38. Rc8 Rb4 39. Rf8+ Kg6 40. Rf4
h5 41. Nh4+ Kg5 42. Nf3+ Bxf3 43. h4+ Kg6 44. Kxf3 1/2-1/2

[Event "TCh-TUR Super League 2023"]
[Site "Ankara TUR"]
[Date "2023.07.15"]
[Round "6.4"]
[Board "1"]
[White "Mamedov, Rauf"]
[Black "Vidit, Santosh Gujrathi"]
[Result "1/2-1/2"]
[WhiteTitle "GM"]
[BlackTitle "GM"]
[WhiteElo "2636"]
[BlackElo "2719"]
[WhiteTeam "APAYDIN SATRANC VE"]
[BlackTeam "TURK HAVA YOLLARI"]
[WhiteFideId "13401653"]
[BlackFideId "5029465"]
[EventDate "2023.07.10"]

1. e4 e5 2. Nf3 Nc6 3. Bc4 Bc5 4. Nc3 Nf6 5. d3 d6 6. Na4 Bb6 7. a3 h6 8. h3 O-O
9. O-O Re8 10. b4 a6 11. Nxb6 cxb6 12. Re1 b5 13. Bb3 Be6 14. Bxe6 Rxe6 15. Bb2
d5 16. exd5 Qxd5 17. c4 bxc4 18. dxc4 Qxc4 19. Nxe5 Nxe5 20. Rxe5 Rxe5 21. Bxe5
Nd5 22. Rc1 Qe4 23. Bg3 Re8 24. Rc5 Nf4 25. Bxf4 Qxf4 26. Rd5 Qc7 27. Rc5 Qf4
28. Rd5 Qc7 29. Rc5 Qf4 30. Rd5 Qc7 1/2-1/2

[Event "TCh-TUR Super League 2023"]
[Site "Ankara TUR"]
[Date "2023.07.15"]
[Round "6.4"]
[Board "2"]
[White "Yilmazyerli, Mert"]
[Black "Safarli, Eltaj"]
[Result "1/2-1/2"]
[WhiteTitle "GM"]
[BlackTitle "GM"]
[WhiteElo "2542"]
[BlackElo "2607"]
[WhiteTeam "TURK HAVA YOLLARI"]
[BlackTeam "APAYDIN SATRANC VE"]
[WhiteFideId "6305962"]
[BlackFideId "13402129"]
[EventDate "2023.07.10"]

1. c4 Nf6 2. Nf3 e6 3. g3 d5 4. Bg2 Be7 5. O-O O-O 6. d4 dxc4 7. Qc2 a6 8. a4
Bd7 9. Ne5 Bc6 10. Nxc6 Nxc6 11. e3 Na5 12. Nd2 c5 13. dxc5 Rc8 14. b4 cxb3 15.
Nxb3 Nxb3 16. Qxb3 Nd7 17. Ba3 Nxc5 18. Bxc5 Bxc5 19. Rfd1 Qe7 20. Qxb7 a5 21.
Qxe7 Bxe7 22. Rac1 g6 23. Bb7 Rxc1 24. Rxc1 Kg7 25. Rc8 Rxc8 26. Bxc8 Bb4 27.
Ba6 Bc3 28. Bb5 Bb4 29. Ba6 Bc3 30. Bb5 Bb4 31. Ba6 Bc3 1/2-1/2

[Event "TCh-TUR Super League 2023"]
[Site "Ankara TUR"]
[Date "2023.07.15"]
[Round "6.4"]
[Board "3"]
[White "Akbas, Umut Ata"]
[Black "Can, Isik"]
[Result "0-1"]
[WhiteTitle "IM"]
[BlackTitle "IM"]
[WhiteElo "2401"]
[BlackElo "2512"]
[WhiteTeam "APAYDIN SATRANC VE"]
[BlackTeam "TURK HAVA YOLLARI"]
[WhiteFideId "44572646"]
[BlackFideId "6383742"]
[EventDate "2023.07.10"]

1. d4 d5 2. c4 c6 3. Nf3 Nf6 4. Nc3 e6 5. e3 Nbd7 6. Qc2 Bd6 7. b3 O-O 8. Bb2 e5
9. dxe5 Nxe5 10. O-O-O Qe7 11. cxd5 Bg4 12. Be2 cxd5 13. Nxe5 Bxe2 14. Qxe2 Bxe5
15. Kb1 a5 16. a4 Bxc3 17. Bxc3 b5 18. Rd4 Ne4 19. Bb2 bxa4 20. Rxa4 Rab8 21.
Ka2 Qb7 22. Ra3 a4 23. bxa4 Rfc8 24. Be5 Qb4 25. Rd1 Rb6 26. Bb2 Rcb8 27. Be5
Rc6 28. Bb2 Rc4 29. Rdd3 Nc5 30. Rd2 Nxa4 31. Rad3 Nc3+ 32. Rxc3 Rxc3 33. Kb1
Qe4+ 34. Rc2 Rxc2 35. Qxc2 Qxg2 36. Qc7 Qf1+ 37. Ka2 Qa6+ 38. Kb1 Rc8 39. Qe5
Qd3+ 40. Ka2 Ra8+ 0-1

[Event "TCh-TUR Super League 2023"]
[Site "Ankara TUR"]
[Date "2023.07.15"]
[Round "6.4"]
[Board "4"]
[White "Gurel, Ediz"]
[Black "Agdelen, Huseyin Can"]
[Result "1-0"]
[WhiteTitle "IM"]
[BlackTitle "FM"]
[WhiteElo "2500"]
[BlackElo "2404"]
[WhiteTeam "TURK HAVA YOLLARI"]
[BlackTeam "APAYDIN SATRANC VE"]
[WhiteFideId "44507356"]
[BlackFideId "6352260"]
[EventDate "2023.07.10"]

1. e4 e5 2. Nf3 Nc6 3. Bb5 Nf6 4. d3 Bc5 5. Nbd2 d6 6. c3 O-O 7. O-O a6 8. Bxc6
bxc6 9. d4 exd4 10. cxd4 Ba7 11. Qc2 Re8 12. Re1 c5 13. d5 Bb7 14. b3 c6 15.
dxc6 Bxc6 16. Bb2 d5 17. exd5 Qxd5 18. Bxf6 gxf6 19. Qc4 Qxc4 20. Nxc4 Rxe1+ 21.
Rxe1 Re8 22. Rxe8+ Bxe8 23. Nd6 Bd7 24. Kf1 Kf8 25. Ke2 Ke7 26. Nc4 Bb8 27. Ne1
Bc6 28. g3 Ke6 29. Nd3 Ba7 30. h4 Bb7 31. Ke3 f5 32. f3 Bc6 33. Nf4+ Ke7 34. Nd3
Ke6 35. g4 fxg4 36. fxg4 f6 37. Nf4+ Ke7 38. Nh5 Bd7 39. Kf3 Bc6+ 40. Ke2 Bd7
41. Ne3 Kf7 42. Nf4 Bb8 43. Nd3 Ba7 44. Nb2 Kg7 45. Nbc4 Bb8 46. Nb6 Be6 47. Kf3
h5 48. gxh5 Kh6 49. Ng4+ Kxh5 50. Nxf6+ Kxh4 51. Ne4 Ba7 52. Nc4 Kh5 53. Nc3 Kg6
54. Ke4 Kf7 55. Ne5+ Ke8 56. Na4 Bh3 57. Nd3 c4 58. bxc4 Be6 59. Ne5 Bg1 60. Nc3
Bh2 61. Nd5 Kd8 62. c5 Kc8 63. c6 Bh3 64. Nc4 Bg2+ 65. Kd4 Bg1+ 66. Ke5 Bh2+ 67.
Ke6 Bxd5+ 68. Kxd5 Kc7 69. Nb2 Bd6 70. Nd3 a5 71. a4 Bg3 72. Kc5 Bd6+ 73. Kb5
Bg3 74. Nc5 Bf2 75. Ne4 Bd4 76. Nd2 Bc3 77. Nc4 Be1 78. Ne3 Bf2 79. Nd5+ Kd6 80.
Nf6 Kc7 81. Ne8+ Kd8 82. Ng7 Kc7 83. Ne6+ Kd6 84. Nf4 Kc7 85. Nd5+ Kd6 86. c7
Kd7 87. Kxa5 Kc8 88. Kb5 Kb7 89. a5 1-0

[Event "TCh-TUR Super League 2023"]
[Site "Ankara TUR"]
[Date "2023.07.15"]
[Round "6.4"]
[Board "5"]
[White "Buksa, Nataliya"]
[Black "Vaishali, Rameshbabu"]
[Result "1/2-1/2"]
[WhiteTitle "IM"]
[BlackTitle "IM"]
[WhiteElo "2365"]
[BlackElo "2431"]
[WhiteTeam "APAYDIN SATRANC VE"]
[BlackTeam "TURK HAVA YOLLARI"]
[WhiteFideId "14123622"]
[BlackFideId "5091756"]
[EventDate "2023.07.10"]

1. e4 c5 2. Nf3 d6 3. d4 cxd4 4. Nxd4 Nf6 5. Nc3 Nc6 6. f3 e5 7. Nb3 Be7 8. Be3
O-O 9. Qd2 a5 10. Bb5 Na7 11. Bxa7 Rxa7 12. a4 Be6 13. O-O-O Qb6 14. Qd3 Raa8
15. Nd2 Qc5 16. Nc4 Rfc8 17. Ne3 Bd8 18. Rhe1 Bc7 19. g4 Rd8 20. Qd2 Bb6 21. g5
Nh5 22. Ned5 Kf8 23. Re2 Rac8 24. Kb1 Ba7 25. Qe1 g6 26. Qh4 Kg7 27. Nf6 Nxf6
28. gxf6+ Kh8 29. Nd5 Rg8 30. Qg5 Bb6 31. c3 Bd8 32. Rd3 Bb6 33. Rg2 Bd8 34. Rd1
Bh3 35. Rg3 Be6 36. Rd2 Bb6 37. Re2 Bd8 38. Reg2 Bb6 39. Qh6 Rcd8 40. Qg5 Bxd5
41. exd5 Qe3 42. Qh4 Qf4 43. Rg4 g5 44. Qh5 Qxf6 45. Rxg5 Rxg5 46. Rxg5 Rg8 47.
Bd3 Rg7 48. Rg3 h6 49. Qh3 Rxg3 50. hxg3 Kg7 51. Be4 Bc5 52. Qd7 Qg5 53. g4 b6
54. Kc2 h5 55. gxh5 Qxh5 56. Kd3 Qh2 57. Qg4+ Kf8 58. b3 Qg1 59. Qh3 Qd1+ 60.
Kc4 b5+ 61. axb5 a4 62. Qc8+ Kg7 63. Qg4+ Kf8 64. Qc8+ Kg7 65. Qg4+ 1/2-1/2

[Event "TCh-TUR Super League 2023"]
[Site "Ankara TUR"]
[Date "2023.07.15"]
[Round "6.5"]
[Board "1"]
[White "Yakubboev, Nodirbek"]
[Black "Sanal, Vahap"]
[Result "0-1"]
[WhiteTitle "GM"]
[BlackTitle "GM"]
[WhiteElo "2640"]
[BlackElo "2585"]
[WhiteTeam "KARAMAN FUTBOL KULUBU"]
[BlackTeam "GOKTURK"]
[WhiteFideId "14203987"]
[BlackFideId "6300545"]
[EventDate "2023.07.10"]

1. c4 c6 2. d4 Nf6 3. Nc3 d5 4. e3 e6 5. b3 Nbd7 6. Bb2 Bd6 7. Bd3 b6 8. Nge2
Bb7 9. O-O O-O 10. Ng3 Re8 11. e4 dxc4 12. Bxc4 b5 13. Bd3 e5 14. Nce2 exd4 15.
f4 Ng4 16. Nf5 Ne3 17. Nxe3 dxe3 18. Qc2 Nc5 19. Rad1 Bf8 20. e5 Nxd3 21. Rxd3
Qb6 22. f5 Rad8 23. e6 c5 24. Rf4 Qc6 25. Rg4 fxe6 26. f6 h5 27. Rg3 Qe4 28. f7+
Kxf7 29. Qc3 e5 30. Rdxe3 Qb1+ 31. Kf2 Rd6 32. Rg5 Rf6+ 33. Kg3 Qf1 0-1

[Event "TCh-TUR Super League 2023"]
[Site "Ankara TUR"]
[Date "2023.07.15"]
[Round "6.5"]
[Board "2"]
[White "Yilmaz, Mustafa"]
[Black "Daneshvar, Bardiya"]
[Result "1-0"]
[WhiteTitle "GM"]
[BlackTitle "GM"]
[WhiteElo "2639"]
[BlackElo "2577"]
[WhiteTeam "GOKTURK"]
[BlackTeam "KARAMAN FUTBOL KULUBU"]
[WhiteFideId "6302718"]
[BlackFideId "12576468"]
[EventDate "2023.07.10"]

1. d4 Nf6 2. c4 e6 3. Nf3 d5 4. Nc3 Bb4 5. Bg5 h6 6. Bxf6 Qxf6 7. Qa4+ Nc6 8. e3
O-O 9. Be2 Bd7 10. Qb3 dxc4 11. Qxc4 Qe7 12. Rd1 Na5 13. Qd3 c5 14. a3 c4 15.
Qc2 Bd6 16. g4 f5 17. Rg1 Be8 18. d5 fxg4 19. Nd4 Qh4 20. Bxg4 Qxh2 21. Kf1 Bh5
22. Bxh5 Qxh5 23. Nxe6 Qh3+ 24. Ke1 Rf7 25. Rd4 Bh2 26. Rh1 Qg2 27. Rf1 Bg3 28.
Nd1 Be5 29. Qe4 Qxe4 30. Rxe4 Bf6 31. Rg4 h5 32. Rg2 Nb3 33. f4 Re8 34. Nc3 Rd7
35. Ne4 Bh4+ 36. Ke2 Rxd5 37. Rxg7+ Kh8 38. Rg6 Kh7 39. Rfg1 b6 40. Nf6+ Bxf6
41. Rxf6 Rd7 42. Nf8+ Rxf8 43. Rxf8 Rd2+ 44. Kf3 Rxb2 45. f5 Rh2 46. Rf7+ Kh8
47. Kf4 Nd2 48. Kg5 Nf3+ 49. Kh6 1-0

[Event "TCh-TUR Super League 2023"]
[Site "Ankara TUR"]
[Date "2023.07.15"]
[Round "6.5"]
[Board "3"]
[White "Aydincelebi, Kagan"]
[Black "Can, Emre"]
[Result "0-1"]
[WhiteTitle "FM"]
[BlackTitle "GM"]
[WhiteElo "2280"]
[BlackElo "2570"]
[WhiteTeam "KARAMAN FUTBOL KULUBU"]
[BlackTeam "GOKTURK"]
[WhiteFideId "6361102"]
[BlackFideId "6302181"]
[EventDate "2023.07.10"]

1. e4 c5 2. Nf3 d6 3. Bb5+ Nc6 4. O-O Bd7 5. Re1 Nf6 6. c3 a6 7. Bf1 Bg4 8. d4
cxd4 9. cxd4 Bxf3 10. gxf3 d5 11. e5 Nh5 12. f4 g6 13. f5 Ng7 14. f6 Nf5 15. Nc3
Ncxd4 16. Be3 Nc6 17. Qxd5 Nxe3 18. Rxe3 Qxd5 19. Nxd5 O-O-O 20. fxe7 Nxe7 21.
Nxe7+ Bxe7 22. Bg2 Kb8 23. Rb3 Rd7 24. Bc6 Rc7 25. Bd5 Bc5 26. Re1 Rd8 27. Rd3
Bb6 28. Re2 Rcd7 29. Red2 Re7 30. Re2 Bc7 31. Kg2 Red7 32. Red2 Bxe5 33. b3 f5
34. Bc4 Bd4 35. a4 Rd6 36. Re2 R8d7 37. Re8+ Ka7 38. Rd2 a5 39. Rde2 Bc5 40.
R2e5 Kb6 41. R8e7 Rxe7 42. Rxe7 Rd2 43. Rxh7 Bxf2 44. Kf3 g5 45. Rf7 f4 46. h3
Bh4 47. Ke4 Rh2 48. Bd5 Kc5 49. Bxb7 Rxh3 50. Rf5+ Kb6 51. Rb5+ Kc7 52. Ba8 f3
53. Rf5 f2 54. Bd5 Rh1 55. Bc4 Re1+ 56. Kd4 g4 57. Rxa5 g3 58. Ra7+ Kb8 0-1

[Event "TCh-TUR Super League 2023"]
[Site "Ankara TUR"]
[Date "2023.07.15"]
[Round "6.5"]
[Board "4"]
[White "Gokerkan, Cem Kaan"]
[Black "Makaraci, Tunahan"]
[Result "1-0"]
[WhiteTitle "IM"]
[WhiteElo "2516"]
[BlackElo "2296"]
[WhiteTeam "GOKTURK"]
[BlackTeam "KARAMAN FUTBOL KULUBU"]
[WhiteFideId "6336760"]
[BlackFideId "6356559"]
[EventDate "2023.07.10"]

1. e4 c5 2. Nf3 Nc6 3. d4 cxd4 4. Nxd4 g6 5. c4 Bg7 6. Be3 Qb6 7. Nb3 Qd8 8. Qd2
Nf6 9. Nc3 d6 10. Be2 O-O 11. O-O a5 12. Nd4 Nxd4 13. Bxd4 a4 14. h3 Qa5 15. b4
Qxb4 16. Rab1 Qa5 17. e5 Ne8 18. Rb5 Qd8 19. Bb6 Qd7 20. Bg4 e6 21. Rd1 f5 22.
Bf3 Bxe5 23. Rxe5 dxe5 24. Qxd7 Bxd7 25. Rxd7 Rf7 26. Rd2 Nf6 27. Rd6 e4 28. Bd1
Rd7 29. c5 Rc8 30. Nb5 Ra8 31. Be2 Kf7 32. Bc4 Rxd6 33. Nxd6+ Ke7 34. Nxb7 Nd5
35. Ba5 Rc8 36. a3 g5 37. Bb5 f4 38. Bxa4 e3 39. fxe3 fxe3 40. Bb5 Rf8 41. Be1
Rf4 42. Na5 h5 43. g3 Rf8 44. Nc6+ Kf6 45. Nb4 Ke5 46. c6 Kd4 47. Nxd5 exd5 48.
c7 1-0

[Event "TCh-TUR Super League 2023"]
[Site "Ankara TUR"]
[Date "2023.07.15"]
[Round "6.5"]
[Board "5"]
[White "Abdulla, Khayala"]
[Black "Ozturk Orenli, Kubra"]
[Result "1/2-1/2"]
[WhiteTitle "WGM"]
[BlackTitle "WGM"]
[WhiteElo "2229"]
[BlackElo "2319"]
[WhiteTeam "KARAMAN FUTBOL KULUBU"]
[BlackTeam "GOKTURK"]
[WhiteFideId "13401807"]
[BlackFideId "6302599"]
[EventDate "2023.07.10"]

1. d4 d5 2. Nf3 Nf6 3. Bf4 e6 4. e3 Bd6 5. Bd3 c5 6. dxc5 Bxf4 7. exf4 Qa5+ 8.
Nc3 O-O 9. O-O Qxc5 10. Nb5 Nc6 11. c3 Qb6 12. Qe2 Bd7 13. a4 a6 14. Nbd4 Rac8
15. Nxc6 Bxc6 16. Nd4 Rfe8 17. Rfe1 Qc7 18. g3 Nd7 19. b4 Nb6 20. Qc2 Bxa4 21.
Rxa4 Qxc3 22. Bxh7+ Kh8 23. Qxc3 Rxc3 24. Bc2 Rxc2 25. Rxa6 bxa6 26. Nxc2 Rc8
27. Re2 Na4 28. Rd2 Rc4 29. Kg2 Kh7 30. h4 Kg6 31. Nd4 Rxb4 32. Nc6 Rb2 33. f5+
Kxf5 34. Rd4 Nc5 35. Rf4+ Kg6 36. Ne5+ Kh7 37. Rxf7 Re2 38. Rc7 Rxe5 39. Rxc5
Re1 40. Ra5 Kg6 41. Rxa6 Kf6 42. Kf3 g6 43. Kg4 Rf1 44. f4 Rc1 45. Ra7 Rc3 46.
Rb7 Re3 47. Ra7 Rb3 1/2-1/2

[Event "TCh-TUR Super League 2023"]
[Site "Ankara TUR"]
[Date "2023.07.15"]
[Round "6.5"]
[Board "6"]
[White "Kilic, Eray"]
[Black "Ipek, Egehan"]
[Result "1-0"]
[WhiteTitle "FM"]
[BlackTitle "FM"]
[WhiteElo "2422"]
[BlackElo "2258"]
[WhiteTeam "GOKTURK"]
[BlackTeam "KARAMAN FUTBOL KULUBU"]
[WhiteFideId "44517173"]
[BlackFideId "44523793"]
[EventDate "2023.07.10"]

1. e4 c6 2. d4 d5 3. e5 Bf5 4. h4 h5 5. c4 dxc4 6. Bxc4 e6 7. Nc3 Nd7 8. Nge2
Be7 9. Ng3 Bg6 10. O-O Bxh4 11. Nge4 Be7 12. Re1 Nb6 13. Be2 Nd5 14. Nxd5 Qxd5
15. Bf3 Qd7 16. Qb3 h4 17. Bf4 Bxe4 18. Bxe4 g5 19. Be3 Nh6 20. Rad1 Ng4 21. Bc1
O-O-O 22. f3 Nh6 23. Be3 Kb8 24. Rc1 Rc8 25. Qa4 a6 26. Red1 Rhd8 27. Qb3 b5 28.
a4 Nf5 29. axb5 axb5 30. Bf2 Ng3 31. Ra1 Nxe4 32. fxe4 Rc7 33. d5 exd5 34. Ra6
Rb7 35. exd5 cxd5 36. Rda1 d4 37. Qc2 Rc7 38. Ra8+ Kb7 39. R8a7+ Kc8 40. Ra8+
Kb7 41. R1a7+ Kb6 42. Rxc7 Qxc7 43. Ra6+ 1-0

[Event "TCh-TUR Super League 2023"]
[Site "Ankara TUR"]
[Date "2023.07.15"]
[Round "6.6"]
[Board "1"]
[White "Abasov, Nijat"]
[Black "Mendonca, Leon Luke"]
[Result "1/2-1/2"]
[WhiteTitle "GM"]
[BlackTitle "GM"]
[WhiteElo "2632"]
[BlackElo "2627"]
[WhiteTeam "DARUSSAFAKA"]
[BlackTeam "BURSA BUYUKSEHIR BELEDIYE SPOR KULUBU"]
[WhiteFideId "13402960"]
[BlackFideId "35028561"]
[EventDate "2023.07.10"]

1. d4 d5 2. Nf3 Nf6 3. Bf4 c5 4. e3 Nc6 5. Nbd2 Qb6 6. dxc5 Qxb2 7. Rb1 Qc3 8.
Bb5 g6 9. e4 a6 10. Be5 Qxc5 11. Bd4 Qa3 12. Rb3 Qxa2 13. Bxc6+ bxc6 14. O-O Bg7
15. Ne5 Qa4 16. Nb1 Nxe4 17. Ra3 Qb5 18. Rb3 Qa4 19. Ra3 Qb5 20. Rb3 Qa4 1/2-1/2